| 000 | 00410 a2200157 4500 | ||
|---|---|---|---|
| 001 | 166995 | ||
| 020 | _a | ||
| 040 | _cMagnum | ||
| 100 | _aAraujo, Hermetes Reis de (Org.) | ||
| 240 | 1 | 0 |
_aTecnociencia e cultura: ensaios sobre o tempo presente _lpor |
| 245 | 1 | 0 | _aTecnociencia e cultura: ensaios sobre o tempo presente |
| 362 | 0 | _a1899 | |
| 440 | 1 | _aEstação Liberdade | |
| 697 | _aGERAL | ||
| 942 | _cBK | ||
| 999 |
_c166995 _d166995 |
||